000
00376nam a2200145Ia 4500
008
100122s9999 xx 000 0 und d
082
_b
63171
_a
821
100
_a
धुळे प्रकाश
245
_a
गजल
260
_b
मॅजेस्टिक प्रकाशन
_c
2003
300
_a
271
630
_a
गजल
730
_a
गजल
942
_c
BOOK
999
_c
437258
_d
437255